000 00727nas a2200253 i 4500
001 143
003 ES-MaACL
005 20250723094618.0
007 t|
008 950801d18671868sp e| | 1 ||pa d
080 _a54
080 _a615
245 0 0 _aAnales de química
_b: monitor de química y farmacia de las ciencias auxiliares en sus aplicaciones a la farmacia, la industria, la agricultura y el comercio...
260 _aMadrid :
_bTip. Fortanet,
_c1867-1868.
300 _a2 v. ;
_c25 cm.
310 _aMensual
362 0 _a1867-1868.
650 1 7 _aQuímica
_2embne
_916625
650 1 4 _aFarmacología.
_912725
852 _aES-MaACL
_jHem-256
866 0 _o1867-68
942 _2udc
999 _c143
_d143